| 000 | 00455nam a2200181Ia 4500 | ||
|---|---|---|---|
| 005 | 20230328104148.0 | ||
| 008 | 131103s9999 xx 000 0 und d | ||
| 040 | _aLoreto College | ||
| 041 | _aEnglish | ||
| 082 |
_a822.91 _bSHA-GUP |
||
| 100 | _aSenGupta,S.C. | ||
| 245 | 4 |
_aThe art of Bernard Shaw _cS.C.SenGupta |
|
| 260 |
_aCalcutta _bN.M.Publication _c1992 |
||
| 300 | _a[7],192 p. | ||
| 504 | _aIncludes index | ||
| 850 | _aLCLIB | ||
| 942 | _cBK | ||
| 999 |
_c4403 _d54882 |
||